000
00338nam a2200133Ia 4500
008
230511s1999 xx 000 0 und d
041
_a
eng
082
_a
340.14
100
_a
Bhatnagar R P and Bhargava R
245
_a
Law and Language
260
_a
New Delhi
_b
Macmillan India ltd
_c
1999
300
_a
219
906
_a
LegalĀ Language
999
_c
346012
_d
346012